00301nam a2200121Ia 45000030006000000080041000060400015000471000022000622450029000842600037001135460012001500050017001620STCL150530s9999 xx 000 0 und d aSTCLcSTCL aQuiller Couch, A. aShakespeares workmanship bCambridge university pressc1937 aEnglish20220125170957.0